|
|
|
|
| LEADER |
00000cam a2200000 7i4500 |
| 001 |
0000004414 |
| 005 |
20220105104001.0 |
| 008 |
070726 |
| 020 |
|
|
|a 9838323276(set)
|
| 020 |
|
|
|a 9838323314
|
| 090 |
0 |
0 |
|a JP
|b CT ENG (3912)
|
| 100 |
0 |
|
|a Kumara Velu
|
| 245 |
1 |
4 |
|a The cobbler's reward
|c Kumara Velu
|
| 260 |
|
|
|a Kuala Lumpur :
|b Pustaka Printis ,
|c 2004
|
| 440 |
|
|
|a My favourite folktales vol. 1
|
| 500 |
|
|
|a Children age 4-6 years old (yellow)
|
| 650 |
|
0 |
|a Classic tales
|
| 650 |
|
0 |
|a Junior preschool
|x English
|x Languages
|
| 999 |
|
|
|a 0000930495
|b Book
|c Children Collection
|e Cawangan Tangkak
|
| 999 |
|
|
|a 0000974124
|b Book
|c Children Collection
|e Perbadanan Perpustakaan Awam Johor
|
| 999 |
|
|
|a 0000974125
|b Book
|c Children Collection
|e Perbadanan Perpustakaan Awam Johor
|
| 999 |
|
|
|a 0000974126
|b Book
|c Children Collection
|e Perbadanan Perpustakaan Awam Johor
|
| 999 |
|
|
|a 0000974127
|b Book
|c Children Collection
|e Perbadanan Perpustakaan Awam Johor
|
| 999 |
|
|
|a 0000974128
|b Book
|c Children Collection
|e Perbadanan Perpustakaan Awam Johor
|